LEADER 00916nam0 22002651i 450 001 UON00432491 005 20231205104913.882 010 $a978-83-01-12527-1 100 $a20131030d1999 |0itac50 ba 101 $apol 102 $aPL 105 $a|||| 1|||| 200 1 $aPozytywizm$fHenryk Markiewicz 210 $aWarszawa$cWyd. Naukowe PWN$d1999 215 $a610 p.$cill.$d24 cm. 606 $aPOSITIVISMO$3UONC037937$2FI 620 $aPL$dWarszawa$3UONL000573 676 $a891.85$cLetteratura polacca$v21 700 1$aMARKIEWICZ$bHenryk$3UONV167126$0530551 801 $aIT$bSOL$c20240220$gRICA 899 $aSIBA - SISTEMA BIBLIOTECARIO DI ATENEO$2UONSI 912 $aUON00432491 950 $aSIBA - SISTEMA BIBLIOTECARIO DI ATENEO$dSI POLACCO C 0658 $eSI 6978 7 0658 996 $aPozytywizm$9906573 997 $aUNIOR